|
|
|
|
| LEADER |
02467nam a2200481 a 4500 |
| 001 |
EBC547772 |
| 003 |
MiAaPQ |
| 005 |
20200520144314.0 |
| 006 |
m o d | |
| 007 |
cr cn||||||||| |
| 008 |
050915s2006 dcua sb 001 0deng d |
| 010 |
|
|
|z 2005027245
|
| 015 |
|
|
|a GBA637076
|2 bnb
|
| 016 |
7 |
|
|z 013437963
|2 Uk
|
| 020 |
|
|
|z 1589010922 (cloth : alk. paper)
|
| 020 |
|
|
|z 1589010930 (pbk. : alk. paper)
|
| 020 |
|
|
|z 9781589010925 (cloth)
|
| 020 |
|
|
|z 9781589010932 (pbk)
|
| 035 |
|
|
|a (MiAaPQ)EBC547772
|
| 035 |
|
|
|a (Au-PeEL)EBL547772
|
| 035 |
|
|
|a (CaPaEBR)ebr10236731
|
| 035 |
|
|
|a (OCoLC)652626223
|
| 040 |
|
|
|a MiAaPQ
|c MiAaPQ
|d MiAaPQ
|
| 043 |
|
|
|a n-us---
|
| 050 |
|
4 |
|a JF1351
|b .R4645 2006
|
| 082 |
0 |
4 |
|a 351.73
|2 22
|
| 245 |
0 |
0 |
|a Revisiting Waldo's administrative state
|h [electronic resource] :
|b constancy and change in public administration /
|c David H. Rosenbloom and Howard E. McCurdy, editors.
|
| 260 |
|
|
|a Washington, D.C. :
|b Georgetown University Press,
|c c2006.
|
| 300 |
|
|
|a xiii, 233 p. :
|b ill.
|
| 490 |
1 |
|
|a Public management and change series
|
| 504 |
|
|
|a Includes bibliographical references and index.
|
| 505 |
0 |
|
|a Dwight Waldo's The administrative state / David H. Rosenbloom and Howard E. McCurdy -- The material background / Donald F. Kettl -- The cultural and ideological background / Howard E. McCurdy -- The criteria of action / Norma M. Riccucci -- Who should rule? / Patricia W. Ingraham -- The separation of powers / David H. Rosenbloom -- The thinning of administrative institutions / Larry D. Terry -- Competition for human capital / John Cadigan -- Business and government / Barbara S. Romzek -- Institutional values and the future administrative state / Robert F. Durant -- Additional notes on the present tendencies / Howard E. McCurdy and David H. Rosenbloom.
|
| 533 |
|
|
|a Electronic reproduction. Ann Arbor, MI : ProQuest, 2015. Available via World Wide Web. Access may be limited to ProQuest affiliated libraries.
|
| 600 |
1 |
0 |
|a Waldo, Dwight.
|t Administrative state.
|
| 650 |
|
0 |
|a Public administration.
|
| 650 |
|
0 |
|a Organizational change
|z United States.
|
| 651 |
|
0 |
|a United States
|x Politics and government.
|
| 655 |
|
4 |
|a Electronic books.
|
| 700 |
1 |
|
|a Rosenbloom, David H.
|
| 700 |
1 |
|
|a McCurdy, Howard E.
|
| 710 |
2 |
|
|a ProQuest (Firm)
|
| 830 |
|
0 |
|a Public management and change.
|
| 856 |
4 |
0 |
|u https://ebookcentral.proquest.com/lib/matrademy/detail.action?docID=547772
|z Click to View
|